ARRUPE JESUIT UNIVERSITY

CORONAVIRUS -STOP THE SPREAD - CLEAN,DISINFECT,COVER

Acts / (Record no. 121172)

MARC details
000 -LEADER
fixed length control field 00996cam a2200325 a 4500
001 - CONTROL NUMBER
control field 5768080
003 - CONTROL NUMBER IDENTIFIER
control field ARRUPE
005 - DATE AND TIME OF LATEST TRANSACTION
control field 20141104120137.0
008 - FIXED-LENGTH DATA ELEMENTS--GENERAL INFORMATION
fixed length control field 060725s2006 enk b 001 0 eng
015 ## - NATIONAL BIBLIOGRAPHY NUMBER
National bibliography number GBA631433
Source bnb
016 7# - NATIONAL BIBLIOGRAPHIC AGENCY CONTROL NUMBER
Record control number 013425981
Source Uk
020 ## - INTERNATIONAL STANDARD BOOK NUMBER
International Standard Book Number 0334040590 (hbk.)
024 3# - OTHER STANDARD IDENTIFIER
Terms of availability 9780334040590 (hbk.)
035 ## - SYSTEM CONTROL NUMBER
System control number (OCoLC)ocm64957525
035 ## - SYSTEM CONTROL NUMBER
System control number (NNC)5768080
040 ## - CATALOGING SOURCE
Original cataloging agency UKM
Transcribing agency UKM
Modifying agency BWKUK
050 #4 - LIBRARY OF CONGRESS CALL NUMBER
Classification number BS2625.3
Item number .P384 2006
082 04 - DEWEY DECIMAL CLASSIFICATION NUMBER
Classification number 226.606
Edition number 22
300 ## - PHYSICAL DESCRIPTION
Dimensions 24 cm.
100 1# - MAIN ENTRY--PERSONAL NAME
Personal name Pelikan, Jaroslav,
Dates associated with a name 1923-2006.
9 (RLIN) 12378
245 10 - TITLE STATEMENT
Title Acts /
Statement of responsibility, etc Jaroslav Pelikan.
260 ## - PUBLICATION, DISTRIBUTION, ETC. (IMPRINT)
Place of publication, distribution, etc London :
Name of publisher, distributor, etc SCM,
Date of publication, distribution, etc 2006.
300 ## - PHYSICAL DESCRIPTION
Extent 320 p. ;
490 1# - SERIES STATEMENT
Series statement SCM theological commentary on the Bible
504 ## - BIBLIOGRAPHY, ETC. NOTE
Bibliography, etc Includes bibliographical references (p. 298-304) and indexes.
630 00 - SUBJECT ADDED ENTRY--UNIFORM TITLE
Uniform title Bible.
Name of part/section of a work Acts
General subdivision Criticism, interpretation, etc.
9 (RLIN) 12379
830 #0 - SERIES ADDED ENTRY--UNIFORM TITLE
Uniform title SCM theological commentary on the Bible.
9 (RLIN) 6354
942 ## - ADDED ENTRY ELEMENTS (KOHA)
Source of classification or shelving scheme Library of Congress Classification
Koha item type Monograph ( Printed materials)
948 1# - LOCAL PROCESSING INFORMATION (OCLC); SERIES PART DESIGNATOR (RLIN)
Series part designator, SPT (RLIN) 20060825
b (OCLC) c
c (OCLC) sds12
d (OCLC) MPS
Holdings
Withdrawn status Lost status Source of classification or shelving scheme Damaged status Not for loan Collection code Home library Current library Shelving location Date acquired Total Checkouts Full call number Barcode Date last seen Date checked out Price effective from Koha item type
    Library of Congress Classification     Main Collection ARRUPE LIBRARY ARRUPE LIBRARY Main Collection 04/11/2014 2 BS2625.3 .P384 2006 46500001483 23/11/2018 06/11/2018 04/11/2014 Monograph ( Printed materials)

 

Arrupe Library. PO Box MP320 Mt Pleasant, Harare, Zimbabwe
263 242 745411|librarian@aju.ac.zw